000 00667nam a2200241Ia 4500
003 OSt
005 20220923225516.0
006 a|||||r|||| 00| 0
007 ta
008 220922b |||||||| |||| 00| 0 hin d
024 _a269,738
037 _cTextual
040 _aARTS
_cARTS
_bhin
041 _2hin
_ahin
082 _aDelta2xM72w, 152L2
100 _aशिव प्रसाद सिंह
245 0 _aउत्तर योगी
246 _aUttar yogī
260 _c1972
300 _a473पृ.
_ccm.
942 _hDelta2xM72w, 152L2
_cTEXL
_2CC
999 _c378706
_d378706